Cuentos para angélica / (Registro nro. 8631)

Detalles MARC
000 -LIDER
fixed length control field 00954nam a22002897a 4500
001 - NÚMERO DE CONTROL
Identificador de número de control 0074
003 - IDENTIFICACDOR DE NÚMERO DE CONTROL
control field DO-SdBNP
005 - DATE AND TIME OF LATEST TRANSACTION
control field 20180327150621.0
007 - CAMPOS FIJOS DE DESCRIPCIÓN FÍSICA
fixed length control field 0074
008 - ELEMENTOS DE LONGITUD FIJA
fixed length control field 151111b ec 2003 xxu||||| |||| 00| 0 spa d
020 ## - ISBN
International Standard Book Number 9789978807781
040 ## - FUENTE DE CATALOGACIÓN
Agencia que crea de manera original el registro BPMSU
Idioma de catalogación spa
Agencia que realiza la transcripción BPMSU
092 ## - LOCALLY ASSIGNED DEWEY DECIMAL CALL NUMBER
Número de clasificación Cu863.44
Número de ítem (Cutter) F363c
100 10 - ASIENTO PRINCIPAL -- NOMBRE PERSONAL
Nombre personal Fernández Pequeño, José M.
245 10 - MENCIÓN DE TITULO
Título Cuentos para angélica /
Mención de responsabilidad José M. Fernández Pequeño ; ilustración Roger Icaza
260 ## - PUBLICACIÓN, DISTRIBUCIÓN, ETC. (PIE DE IMPRENTA)
Lugar de publicación, distribución, etc Quito :
Nombre del editor, distribuidor, etc. Libresa,
Fecha de publicación, distribución, etc 2003
300 ## - DESCRIPCIÓN FÍSICA
Extensión 113 p. :
Otros detalles físicos il.,
Dimensiones 20 cm.
490 10 - MENCIÓN DE SERIES
Mención de serie Mitad del mundo
500 ## - NOTA GENERAL
Nota general Cuentos para Angélica fue considerada finalista en la edición 2003 del ¨Concurso Internacional de Literatura Infantil LIBRESA - Julio C. Coba¨.
650 ## - ENCABEZAMIENTO DE MATERIA--TEMÁTICO
Término temático o nombre geográfico como elemento de entrada CUENTOS CUBANOS
651 ## - ENCABEZAMIENTO DE MATERIA--NOMBRE GEOGRÁFICO
Nombre geográfico LITERATURA CUBANA
700 10 - ASIENTO SECUNDARIO -- NOMBRE PERSONAL
Nombre personal Icaza, Roger,
Materiales especificados tr.
830 00 - ASIENTO SECUNDARIO DE SERIE--TÍTULO UNIFORME
Título uniforme Mitad del mundo
942 ## - ADDED ENTRY ELEMENTS (KOHA)
Source of classification or shelving scheme Dewey Decimal Classification
Koha item type Libros
945 ## - INFORMACIÓN DE PROCESAMIENTO LOCAL
Información de procesamiento local Remanejado para la BNPHU / 2018 VM
956 ## - LOCAL ELECTRONIC LOCATION AND ACCESS (OCLC)
Nombre de host Brenda Tavárez
Existencias
Withdrawn status Lost status Source of classification or shelving scheme Damaged status Not for loan Collection code Home library Current library Date acquired Source of acquisition Total Checkouts Full call number Barcode Date last seen Price effective from Koha item type Copy number
    Dewey Decimal Classification     Colección Infantil Dominicana Biblioteca Pública Metropolitana Salomé Ureña Biblioteca Pública Metropolitana Salomé Ureña 11/11/2015 Donación   Cu863.44 F363c BPMSU15110174 11/11/2015 11/11/2015 Libros  
    Dewey Decimal Classification     Colección Infantil Dominicana Biblioteca Pública Metropolitana Salomé Ureña Biblioteca Pública Metropolitana Salomé Ureña 11/11/2015 Donación   Cu863.44 F363c BPMSU15110175 11/11/2015 11/11/2015 Libros ej. 2